00353nam a2200157Ia 45000010006000000050017000060080041000230410008000640820018000721000024000902450028001142600009001423000028001516500008001796540008001871341620260306164759.0260306t1999||||xx |||||||||||||| ||spa|| aESP a004.0288bB86 aBuckel, HeberteAUT 0aAmpliar y reparar su PC c1999 a904 páginas :c23 cm. aGEN aCCC